Theologiae Moralis

Guardat en:
Dades bibliogràfiques
Autor principal: Genicot, Eduardus (Autor)
Format: Llibre
Idioma:llatí
Publicat: Bruselas A. Dewit 1909
Edició:6a. ed
Matèries:
Etiquetes: Afegir etiqueta
Sense etiquetes, Sigues el primer a etiquetar aquest registre!

MARC

LEADER 00000cam a2200000 a 4500
001 UCD3532
003 CL-VaPUC
008 160609e19090000be |||||||||||||||||lat|d
082 0 4 |a 242.6  |b GEN  |2 21 
100 |a Genicot, Eduardus  |e author  |9 587045 
245 1 0 |a Theologiae Moralis 
250 |a 6a. ed 
300 |a v 
942 |c BK 
945 |d 20160609 22:21:00  |a dcastane 
260 |a Bruselas  |b A. Dewit  |c 1909 
500 |a v.1: Institutiones quas in Colegio Lovaniensi Societatis Iesu 
500 |a v.2: casus conscientiae propositi ac soluti 
650 0 |a Teología moral   |9 256617 
650 7 |a INSTITUCIONES ECLESIASTICAS  |2 CL-VaPUC  |9 389428 
650 7 |a INSTITUCIONES RELIGIOSAS  |2 CL-VaPUC  |9 337514 
583 |a last modification  |c 20160609 22:21:00  |k Rodrigo Vera 
999 |c 364568  |d 364566 
952 |0 0  |1 0  |3 erd  |4 0  |6 242_600000000000000_GEN_1909  |7 0  |8 X  |9 477971  |a BIBTEO  |b BIBTEO  |c TEO_FFR  |h v.1  |i 5237491  |o 242.6 GEN 1909  |p 5237491  |r 2024-01-18  |w 2019-11-24  |y BK_X  |z Catalogado en:20160609  |k OFM 
952 |0 0  |1 0  |3 erd  |4 0  |6 242_600000000000000_GEN_1909  |7 0  |8 X  |9 477972  |a BIBTEO  |b BIBTEO  |c TEO_FFR  |h v.2  |i 5237505  |o 242.6 GEN 1909  |p 5237505  |r 2024-01-18  |w 2019-11-24  |y BK_X  |z Catalogado en:20160609  |k OFM